000 00902nam a2200205Ia 4500
999 _c44777
_d44777
003 GCL
005 20240530104125.0
008 140319s9999 xx 000 0 ara d
040 _aGCL /
_cGCL
082 0 4 _a263.5
_bع ح
100 1 _aمحمود محمود الغراب
245 1 0 _aالفقه عند الشيخ الاكبر محيى الدين ابن العربى /
_cمحمود محمود الغراب
260 _aسوريا :
_bدار الايمان ،
_c1993
300 _a330 ص ؛
_c24 سم
650 0 4 _aالاحكام الشرعية
650 0 4 _aالفقه الاسلامى
650 0 4 _aالتصوف الاسلامى - المقامات والأحوال والاصطلاحات
700 1 _aابن العربى : محيى الدين ابو بكر محمد بن على بن محمد بن احمد بن عبدالله الحاتمى الطائى الاندلسى
942 _2ddc
_cBK